<?xml version="1.0" encoding="UTF-8"?>
<record
    xmlns:xsi="http://www.w3.org/2001/XMLSchema-instance"
    xsi:schemaLocation="http://www.loc.gov/MARC21/slim http://www.loc.gov/standards/marcxml/schema/MARC21slim.xsd"
    xmlns="http://www.loc.gov/MARC21/slim">

  <leader>00850nam a2200301 u 4500</leader>
  <controlfield tag="001">813685</controlfield>
  <controlfield tag="005">20260506093333.0</controlfield>
  <controlfield tag="007">co|||||||</controlfield>
  <controlfield tag="008">021004e19981001                    spa  </controlfield>
  <datafield tag="035" ind1=" " ind2=" ">
    <subfield code="a">813685</subfield>
    <subfield code="z">2084</subfield>
  </datafield>
  <datafield tag="035" ind1=" " ind2=" ">
    <subfield code="a">(OCoLC)777699519</subfield>
  </datafield>
  <datafield tag="040" ind1=" " ind2=" ">
    <subfield code="c">comduadb</subfield>
  </datafield>
  <datafield tag="041" ind1=" " ind2=" ">
    <subfield code="a">spa</subfield>
  </datafield>
  <datafield tag="080" ind1=" " ind2=" ">
    <subfield code="a">I-13600</subfield>
  </datafield>
  <datafield tag="110" ind1="2" ind2="0">
    <subfield code="a">Incomex</subfield>
    <subfield code="4">aut</subfield>
    <subfield code="e">aut</subfield>
    <subfield code="9">826533</subfield>
  </datafield>
  <datafield tag="245" ind1="1" ind2="0">
    <subfield code="a">Comexcol : normas de comercio exterior</subfield>
  </datafield>
  <datafield tag="260" ind1=" " ind2=" ">
    <subfield code="a">Santaf&#xE9; de Bogot&#xE1; :</subfield>
    <subfield code="b">Incomex,</subfield>
    <subfield code="c">1998.</subfield>
  </datafield>
  <datafield tag="300" ind1=" " ind2=" ">
    <subfield code="a">1 CD-ROM</subfield>
  </datafield>
  <datafield tag="650" ind1=" " ind2=" ">
    <subfield code="a">Disquete</subfield>
  </datafield>
  <datafield tag="650" ind1=" " ind2="7">
    <subfield code="a">Comercio exterior</subfield>
    <subfield code="2">lemb</subfield>
    <subfield code="9">68294</subfield>
  </datafield>
  <datafield tag="650" ind1=" " ind2=" ">
    <subfield code="a">Legislacion comercial</subfield>
    <subfield code="9">1566</subfield>
  </datafield>
  <datafield tag="650" ind1=" " ind2="7">
    <subfield code="a">Comercio internacional</subfield>
    <subfield code="2">lemb</subfield>
    <subfield code="9">31496</subfield>
  </datafield>
  <datafield tag="650" ind1=" " ind2="7">
    <subfield code="a">Importaciones</subfield>
    <subfield code="2"></subfield>
    <subfield code="9">104</subfield>
  </datafield>
  <datafield tag="650" ind1=" " ind2=" ">
    <subfield code="a">Acuerdos comerciales</subfield>
    <subfield code="9">59458</subfield>
  </datafield>
  <datafield tag="650" ind1=" " ind2=" ">
    <subfield code="a">Promoci&#xF3;n de las exportaciones</subfield>
    <subfield code="9">23784</subfield>
  </datafield>
  <datafield tag="650" ind1=" " ind2=" ">
    <subfield code="a">Exportaciones</subfield>
    <subfield code="9">43775</subfield>
  </datafield>
  <datafield tag="942" ind1=" " ind2=" ">
    <subfield code="c">BOOK</subfield>
  </datafield>
  <datafield tag="999" ind1=" " ind2=" ">
    <subfield code="c">258046</subfield>
    <subfield code="d">258046</subfield>
  </datafield>
  <datafield tag="952" ind1=" " ind2=" ">
    <subfield code="0">0</subfield>
    <subfield code="1">0</subfield>
    <subfield code="4">0</subfield>
    <subfield code="7">0</subfield>
    <subfield code="8">DIGITAL</subfield>
    <subfield code="a">CIE</subfield>
    <subfield code="b">CIE</subfield>
    <subfield code="d">2003-10-03</subfield>
    <subfield code="i">C808441</subfield>
    <subfield code="l">0</subfield>
    <subfield code="o">I/25491 1998 CD-ROM</subfield>
    <subfield code="p">61000004440971</subfield>
    <subfield code="r">2023-04-24 00:00:00</subfield>
    <subfield code="t">2</subfield>
    <subfield code="w">2023-04-24</subfield>
    <subfield code="y">DIGITALI</subfield>
  </datafield>
</record>
